| 000 | 00569pab a2200193 454500 | ||
|---|---|---|---|
| 008 | 180718b2008 xxu||||| |||| 00| 0 eng d | ||
| 100 | _aHossain, Farhad | ||
| 245 | _aLocal governance and water resource management: experiences from Northern Namibia | ||
| 260 | _c2008 | ||
| 300 | _ap.200-11. | ||
| 362 | _aAug | ||
| 650 | _aLocal government - Namibia | ||
| 650 | _aWater resources management - Namibia | ||
| 650 | _aWater resources management | ||
| 700 | _aHelao, Tuhafeni | ||
| 773 | _aPublic Administration and Development | ||
| 908 | _aN | ||
| 909 | _a79293 | ||
| 999 |
_c79293 _d79293 |
||